Estadistícas de la Educación 1983 Establecimientos-Alumnos-Docentes

Saved in:
Bibliographic Details
Format: Book
Language:Spanish
Published: Buenos Aires Departamento de Estadistica 1983
Tags: Add Tag
No Tags, Be the first to tag this record!

MARC

LEADER 00000nam a2200000 4500
001 c116968
005 20041019155206.2
041 0 |a spa 
044 |a AR 
245 1 0 |a Estadistícas de la Educación 1983  |b Establecimientos-Alumnos-Docentes 
264 1 |a Buenos Aires  |b Departamento de Estadistica  |c 1983 
300 |a 53 s.